00368nam a22001337a 450000500170000000800410001704100130005808200120007110000130008324500340009626000470013030000310017765000260020820240724135418.0240724b |||||||| |||| 00| 0 eng d aEnglish  a349 SOU lEnglish  aThe South African Law Reports aCape Town :bJuta and Company Ltd, c1926  bxii, 504 pages ; c25 cm.  aLegal practice bLaw